000 00602 a2200205 4500
005 20260116152333.0
008 260114b |||||||| |||| 00| 0 eng d
020 _a9789359781570
_cRs. 1995.00
040 _aMAIN
082 _a796.076137
_bS64A
100 _aSingh, Ashish Pratap
245 _aApplied kinesiology: Functional movement strategies for modern athletes
260 _bFriends Publications (India)
_c2025
_aNew Delhi
300 _a254
650 _aPhysical Education
650 _aApplied Kinesiology
650 _aAthlete
700 _aSingh, Arvind Bahadur
942 _cBK
999 _c394082
_d394082